| 000 | 00000nam 22000008a 4500 |
| 001 | 9.840074 |
| 003 | CaOODSP |
| 005 | 20221107151744 |
| 007 | cr ||||||||||| |
| 008 | 170802s2017 oncd obs f000 0 eng d |
| 020 | |a978-0-660-09107-5 |
| 040 | |aCaOODSP|beng |
| 043 | |an-cn--- |
| 086 | 1 |aCS98-200/2016-6E-PDF |
| 245 | 00|aPortrait of children’s family life in Canada in 2016 |h[electronic resource] : |bCensus of population, 2016. |
| 260 | |a[Ottawa] : |bStatistics Canada, |c2017. |
| 300 | |a9 p. : |bcol. charts |
| 490 | 1 |aCensus in brief |
| 500 | |aIssued also in French under title: Portrait de la vie familiale des enfants au Canada en 2016 : Recensement de la population, 2016. |
| 500 | |aCover title. |
| 500 | |a"Release date: August 2, 2017." |
| 500 | |aPrepared by France-Pascale Ménard ... [et al.]. Cf. Acknowledgments. |
| 504 | |aIncludes bibliographical references. |
| 520 | |a"This article based on the 2016 Census looks at children aged 0 to 14 in Canada according to the structure of their immediate family—that is, whether they live with their two parents, with only one parent, in a stepfamily, or without their parents but still in a family living arrangement. It also presents some trends by age of children, as well as regional variations"--Introd., p. 1. |
| 651 | 0|aCanada|xCensus, 2016. |
| 692 | 07|2gccst|aChildren |
| 692 | 07|2gccst|aFamily |
| 692 | 07|2gccst|aCensus data |
| 700 | 1 |aMénard, France-Pascale. |
| 710 | 2 |aStatistics Canada. |
| 775 | 08|tPortrait de la vie familiale des enfants au Canada en 2016 |w(CaOODSP)9.840076 |
| 830 | #0|aCensus in brief (Statistics Canada)|w(CaOODSP)9.830736 |
| 856 | 40|qPDF|s474 KB|uhttps://publications.gc.ca/collections/collection_2017/statcan/98-200-x/98-200-x2016006-eng.pdf |
| 986 | |a98-200-X2016006 |